Paroles - CAVALE! CAVALE! - THEA - Statistiques

Statistiques générales
  • Ce quiz a été pris 28 fois
  • Le résultat moyen est 284 sur 383
Statistiques - réponses
Paroles % Correct
Ca
100%
cavale !
100%
Cavale !
100%
a
96%
à
96%
il
96%
Il
96%
la
96%
La
96%
on
96%
On
96%
de
91%
des
91%
et
91%
ils
91%
le
91%
s'en
91%
en
87%
est
87%
fou
87%
me
87%
mort
87%
morts
87%
nous
87%
nuit
87%
Oh
87%
oh
87%
tout
87%
Tout
87%
toute
87%
tu
87%
Tu
87%
anges
83%
ha
83%
les
83%
Les
83%
moi
83%
prennent
83%
Quand
83%
quand
83%
que
83%
toi
83%
cramera
78%
dans
78%
dit
78%
encore
78%
Encore
78%
j'ai
78%
J'ai
78%
ma
78%
mouche
78%
nos
78%
paname
78%
rat
78%
rattrapes
78%
rien
78%
si
78%
trousses
78%
angles
74%
comme
74%
hardcores
74%
mes
74%
perdre
74%
pris
74%
Théa ?
74%
Théa
74%
un
74%
Un
74%
ville
74%
y'a
74%
chats
70%
ciels
70%
danse
70%
genre
70%
gris
70%
mon
70%
Mon
70%
noir
70%
pas
70%
plus
70%
truc
70%
cassé
65%
coeur
65%
corps
65%
crocs
65%
d'égout
65%
l'caniveau
65%
mais
65%
mal
65%
sort
65%
ta
65%
tes
65%
ton
65%
bas
61%
bâtard
61%
fond
61%
Mesdames
61%
messieurs
61%
m'faut
61%
non-binaires
61%
ou
61%
qui
61%
résille
61%
sorcières
61%
traine
61%
une
61%
au
57%
Avec
57%
caves
57%
c'est
57%
d'bonne
57%
dort
57%
d'pas
57%
drogue
57%
fait
57%
l'bide
57%
putain
57%
raison
57%
sale
57%
scène
57%
stats
57%
virages
57%
vite
57%
accélère
52%
ceux
52%
CSA
52%
cut
52%
dansent
52%
d'la
52%
état
52%
fout
52%
l'aimait
52%
mec
52%
paire
52%
pour
52%
reparti
52%
tabasse
52%
t'mettre
52%
village
52%
voulait
52%
arrière
48%
boy
48%
clit
48%
clopes
48%
compté
48%
était
48%
fans
48%
fermé
48%
m'tuer
48%
porte
48%
poulet
48%
Tous
48%
bête
43%
concerts
43%
enfoncé
43%
j'suis
43%
leurs
43%
merde
43%
qu'on
43%
sont
43%
voir
43%
AD
39%
cry
39%
T'as
39%
faire
39%
l'jean
39%
Maz
39%
poseurs
39%
t'as
39%
veut
39%
château
35%
du
35%
ghot
35%
heures
35%
homies
35%
maintenant
35%
pédos
35%
peur
35%
sait
35%
trav'
35%
cadavres
30%
casses
30%
comptent
30%
l'heure
30%
loupé
30%
l'train
30%
m'font
30%
oublie
30%
pédé
30%
écrasés
26%
label
26%
Tekaz
26%
vitesse
26%
s'taille
22%
clique
17%
donnaient
17%
GothBoiClique
4%
Aucun quiz correspondant
Distribution des résultats
% des personnes avec chaque résultat
Percentile par nombre de réponses
Votre historique - résultats
Vous n’avez pas pris ce quiz